| 000 | 00728nam a2200229 i 4500 | ||
|---|---|---|---|
| 001 | bg | ||
| 100 | 1 | _aGIERCZAK, Ewa. | |
| 245 | 1 | 0 |
_aZbiór zadań z elektrotechniki teoretycznej. _nCz. 2 / _cEwa Gierczak, Jerzy Suchański. |
| 250 | _aWyd. 6. | ||
| 260 |
_aKielce : _bWydaw. PŚ, _c2002. |
||
| 300 |
_a245 s. : _bil. ; _c24 cm. |
||
| 490 | 1 |
_aSkrypty / Politechnika Świętokrzyska, _x0239-6386 ; _v383 |
|
| 650 | 9 |
_aElektrotechnika _xteoria |
|
| 655 | _aĆwiczenia i zadania dla szkół wyższych | ||
| 700 | 1 | _aSUCHAŃSKI, Jerzy | |
| 830 | 0 |
_aSkrypty (Politechnika Świętokrzyska) ; _v383 |
|
| 040 | _cBPK | ||
| 041 | 0 | _apl | |
| 080 | _a621.3(075.8)(076) | ||
| 942 | _cKS | ||
| 008 | s pl f |000 0 pol | ||
| 999 |
_c42123 _d42123 |
||
| 856 |
_uhttp://koha.tu.koszalin.pl/cgi-bin/koha/opac-detail.pl?biblionumber=42123 _yKatalog online BPK |
||